| 000 | 00397nam a2200145Ia 4500 | ||
|---|---|---|---|
| 008 | 231129s2006||||xx |||||||||||||| ||spa|| | ||
| 020 | _a968-18-0555-0 | ||
| 040 | _bspa | ||
| 082 | _a621.38415 L352i | ||
| 100 | _aLathi B.P. | ||
| 245 | 0 | _aIntroducción a la teoría y sistemas de comunicación | |
| 260 | _c2006 | ||
| 264 | _aLimusa | ||
| 942 |
_2ddc _cBKS |
||
| 999 |
_c15916 _d15916 |
||